|
|
|
|
| LEADER |
00000nab#a22000007a#4500 |
| 001 |
arbauad004658 |
| 003 |
AR-BaUAD |
| 005 |
20250711110643.0 |
| 008 |
940708|||||||||###||||||b###|0###a|spa|| |
| 040 |
|
|
|a AR-BaUAD
|c AR-BaUAD
|b spa
|
| 245 |
1 |
0 |
|a Estudio STAFF
|b período 1974-1981
|
| 300 |
0 |
|
|b axonom., cortes, detalles, planos, plantas, vistas
|
| 500 |
|
|
|a Conjunto habitacional Florencio Varela. -- Conjunto habitacional Río Grande. -- Complejo urbano Río Turbio. -- Conjunto habitacional Villa Minera, hospital y equipamiento comunitario. -- Edificio Boca Mina, Santa Cruz. -- Equipamiento comunitario en 28 de noviembre. -- Conjunto habitacional Rosario I y Rosario II. -- Conjunto habitacional Chaco. -- Conjunto habitacional Formosa. -- Viviendas agrupadas en country club SHA. -- Edificio para la Lotería Nacional, proyecto. -- Centro de educacion física Formosa. -- Teatro Provincial de Salta. -- Mercado Nacional de Hacienda.
|
| 653 |
|
|
|a ARQUITECTURA
|
| 653 |
|
|
|a ARGENTINA
|
| 653 |
|
|
|a ARQUITECTOS
|
| 653 |
|
|
|a ESTUDIOS DE ARQUITECTURA
|
| 653 |
|
|
|a DECADA DE 1970
|
| 653 |
|
|
|a CONJUNTOS HAB. DE MEDIA DENS.
|
| 653 |
|
|
|a STAFF
|
| 653 |
|
|
|a ARQUITECTURA DEPORTIVA
|
| 653 |
|
|
|a CONJUNTO FLORENCIO VARELA
|
| 653 |
|
|
|a CONJUNTO RIO GRANDE A
|
| 653 |
|
|
|a CONJUNTO RIO GRANDE B
|
| 653 |
|
|
|a COMPLEJO RIO TURBIO
|
| 653 |
|
|
|a CONJUNTO ROSARIO I
|
| 653 |
|
|
|a CONJUNTO ROSARIO II
|
| 653 |
|
|
|a CONJUNTO CHACO
|
| 653 |
|
|
|a CONJUNTO FORMOSA
|
| 653 |
|
|
|a SOCIEDAD HEBRAICA ARGENTINA
|
| 653 |
|
|
|a CLUB MACABI
|
| 653 |
|
|
|a CLUB MI REFUGIO
|
| 653 |
|
|
|a EDIFICIO LOTERIA NACIONAL
|
| 653 |
|
|
|a TEATRO PROVINCIAL DE SALTA
|
| 653 |
|
|
|a ESTADIOS POLIDEPORTIVOS
|
| 653 |
|
|
|a MERCADO NACIONAL DE HACIENDA
|
| 773 |
0 |
|
|t SUMMA
|g no. 169 [dic. 1981], p. 25-89
|
| 942 |
|
|
|c ARTI
|
| 952 |
|
|
|0 0
|1 0
|4 0
|7 0
|9 49578
|a AR-BAuAD
|b AR-BAuAD
|d 2025-07-11
|l 0
|p AAQA004658
|r 2025-07-11 11:06:43
|w 2025-07-11
|y ARTI
|
| 990 |
|
|
|a AQ198
|b TD
|
| 998 |
|
|
|a AAQ
|b BIBUN76
|
| 999 |
|
|
|c 29251
|d 29251
|